[Event "Modena Province-ch"]
[Site "Ceriano Laghetto"]
[Date "2010.02.??"]
[Round "5"]
[White "Monticelli, Francesco"]
[Black "Veronelli, Franco"]
[Result "1/2-1/2"]
[WhiteElo "1536"]
[BlackElo "1819"]
[PlyCount "96"]
[EventDate "2010.02.02"]
[EventType "swiss"]
[EventRounds "6"]
[EventCountry "ITA"]
[SourceTitle "EXT 2024"]
[Source "ChessBase"]
[SourceDate "2023.10.10"]
[SourceVersion "1"]
[SourceVersionDate "2023.10.10"]
[SourceQuality "1"]

1. e4 e5 2. Nf3 Nf6 3. Nc3 Nc6 4. Bc4 Nxe4 5. Nxe4 d5 6. Bd3 dxe4 7. Bxe4 Bd6 8. 0-0 Be6 9. c3 0-0 10. d4 f5 11. Bxc6 bxc6 12. dxe5 Bc5 13. Qxd8 Raxd8 14. Bf4 h6 15. h4 Rd3 16. a3 Rfd8 17. Rac1 Kf7 18. b4 Bb6 19. Ne1 R3d7 20. Nc2 c5 21. Be3 cxb4 22. cxb4 Rd3 23. Bxb6 cxb6 24. a4 a5 25. bxa5 bxa5 26. Ne3 R3d4 27. Rfd1 g6 28. g3 Bb3 29. Rc7+ Ke6 30. Rxd4 Rxd4 31. Rc6+ Kxe5 32. Rc5+ Kd6 33. Rxa5 Rxa4 34. Rxa4 Bxa4 35. Nc4+ Ke6 36. Ne3 Bc6 37. f4 Kf6 38. Kf2 g5 39. fxg5+ hxg5 40. h5 g4 41. h6 Be4 42. Nc4 Kg6 43. Ke3 Kxh6 44. Ne5 Kg5 45. Kf2 Bd5 46. Nd3 Kf6 47. Ke3 Kg5 48. Nf4 Be4 1/2-1/2

[Event "Modena Province-ch"]
[Site "Ceriano Laghetto"]
[Date "2010.02.??"]
[Round "3"]
[White "Pandini, Giuseppe"]
[Black "Veronelli, Franco"]
[Result "1-0"]
[WhiteElo "1702"]
[BlackElo "1819"]
[PlyCount "101"]
[EventDate "2010.02.02"]
[EventType "swiss"]
[EventRounds "6"]
[EventCountry "ITA"]
[SourceTitle "EXT 2024"]
[Source "ChessBase"]
[SourceDate "2023.10.10"]
[SourceVersion "1"]
[SourceVersionDate "2023.10.10"]
[SourceQuality "1"]

1. f4 d5 2. Nf3 c5 3. e3 Nc6 4. b3 Nf6 5. Bb5 Bg4 6. 0-0 e6 7. Qe1 Bxf3 8. Rxf3 Rc8 9. Bb2 Be7 10. Nc3 a6 11. Bxc6+ Rxc6 12. Ne2 Kd7 13. c4 dxc4 14. bxc4 Kc8 15. Nc3 Qd3 16. Qe2 Rd8 17. Rd1 Rcd6 18. Qxd3 Rxd3 19. Rf2 Nd7 20. Nb1 Bf6 21. Bxf6 Nxf6 22. Re2 Nd7 23. Kf1 Nb6 24. Rc1 Na4 25. Ke1 R8d6 26. Kf1 Rb6 27. Ree1 Rb2 28. Ke2 Rd6 29. a3 Ra2 30. g4 Ra1 31. Rc2 Rb6 32. Rcc1 Kc7 33. Kf3 Kc6 34. Ke4 Nb2 35. d4 f5+ 36. gxf5 exf5+ 37. Kxf5 Nd3 38. d5+ Kd6 39. e4 Nxc1 40. e5+ Ke7 41. d6+ Ke8 42. Nc3 Rxa3 43. Nd5 Rc6 44. Rxc1 Rh3 45. Rg1 g6+ 46. Kf6 Rxh2 47. Kg7 Rc2 48. Nf6+ Kd8 49. Rh1 Rxc4 50. Rxh7 Rxd6 51. exd6 1-0

[Event "P-4239"]
[Site "IECC email"]
[Date "2006.10.30"]
[Round "?"]
[White "Veronelli, Franco"]
[Black "Mcdonald, Graham"]
[Result "0-1"]
[WhiteElo "1452"]
[BlackElo "1933"]
[PlyCount "24"]
[EventDate "2006.??.??"]
[EventType "tourn (corr)"]
[SourceTitle "Corr 2020"]
[Source "ChessBase"]
[SourceDate "2019.09.30"]
[SourceVersion "1"]
[SourceVersionDate "2019.09.30"]
[SourceQuality "1"]
[WhiteTeam "Italy"]
[BlackTeam "England"]
[WhiteTeamCountry "ITA"]
[BlackTeamCountry "ENG"]

1. e4 e5 2. Nf3 Nc6 3. d4 exd4 4. Bc4 Nf6 5. 0-0 Bc5 6. Re1 0-0 7. c3 dxc3 8. Nxc3 Ng4 9. Re2 d6 10. h3 Nge5 11. Nxe5 Nxe5 12. Bf4 Nxc4 0-1

[Event "IECC KO-2071"]
[Site "IECC email"]
[Date "2006.04.22"]
[Round "?"]
[White "Humphreys, Bill"]
[Black "Veronelli, Franco"]
[Result "1-0"]
[WhiteElo "1333"]
[BlackElo "1497"]
[PlyCount "53"]
[EventDate "2005.??.??"]
[EventType "match (corr)"]
[EventRounds "2"]
[SourceTitle "Corr 2020"]
[Source "ChessBase"]
[SourceDate "2019.09.30"]
[SourceVersion "1"]
[SourceVersionDate "2019.09.30"]
[SourceQuality "1"]
[WhiteTeam "United States"]
[BlackTeam "Italy"]
[WhiteTeamCountry "USA"]
[BlackTeamCountry "ITA"]

1. e4 e5 2. Nf3 Nf6 3. Nc3 Nc6 4. Bb5 Nd4 5. Ba4 Bc5 6. d3 0-0 7. Nxe5 d5 8. 0-0 Qd6 9. Bf4 Be6 10. Ne2 Qb6 11. Bb3 Nxb3 12. axb3 dxe4 13. dxe4 Rfd8 14. Qe1 Nxe4 15. Nd3 Be7 16. Be3 Qb5 17. Nd4 Qd7 18. f3 Nd6 19. Nc5 Qc8 20. Ncxe6 fxe6 21. Bf2 e5 22. Qxe5 Bf6 23. Qd5+ Kh8 24. c3 Re8 25. Rfe1 Rf8 26. Ne6 Re8 27. Bg3 1-0

[Event "IECC KO-2057"]
[Site "IECC email"]
[Date "2005.02.10"]
[Round "?"]
[White "Blackman, Leon"]
[Black "Veronelli, Franco"]
[Result "1-0"]
[WhiteElo "1602"]
[BlackElo "1521"]
[PlyCount "55"]
[EventDate "2004.??.??"]
[EventType "match (corr)"]
[EventRounds "2"]
[SourceTitle "Corr 2020"]
[Source "ChessBase"]
[SourceDate "2019.09.30"]
[SourceVersion "1"]
[SourceVersionDate "2019.09.30"]
[SourceQuality "1"]
[WhiteTeam "Australia"]
[BlackTeam "Italy"]
[WhiteTeamCountry "AUS"]
[BlackTeamCountry "ITA"]

1. c4 e5 2. Nc3 Nf6 3. Nf3 Nc6 4. g3 d5 5. cxd5 Nxd5 6. Bg2 Nb6 7. 0-0 Be7 8. a3 g5 9. d3 h5 10. b4 h4 11. b5 Nd4 12. Nxe5 Qd6 13. Nc4 Qh6 14. g4 h3 15. Be4 f5 16. gxf5 Qh4 17. e3 Nxf5 18. Nxb6 axb6 19. Nd5 Bd8 20. Bb2 Rf8 21. Be5 Nd6 22. Bxd6 cxd6 23. Bg6+ Kd7 24. e4 Ra4 25. Bh5 Rf4 26. Nxf4 gxf4 27. Qg4+ Qxg4+ 28. Bxg4+ 1-0

[Event "IECC KO-2054"]
[Site "IECC email"]
[Date "2004.02.23"]
[Round "?"]
[White "Manis, Jose"]
[Black "Veronelli, Franco"]
[Result "1-0"]
[WhiteElo "1609"]
[BlackElo "1461"]
[PlyCount "47"]
[EventDate "2004.??.??"]
[EventType "match (corr)"]
[EventRounds "2"]
[SourceTitle "Corr 2020"]
[Source "ChessBase"]
[SourceDate "2019.09.30"]
[SourceVersion "1"]
[SourceVersionDate "2019.09.30"]
[SourceQuality "1"]
[WhiteTeam "United States"]
[BlackTeam "Italy"]
[WhiteTeamCountry "USA"]
[BlackTeamCountry "ITA"]

1. Nf3 Nf6 2. c4 e6 3. g3 b6 4. Bg2 Bb7 5. 0-0 Be7 6. b3 0-0 7. Bb2 d5 8. e3 Nbd7 9. Qe2 c5 10. Nc3 Qc7 11. Rac1 dxc4 12. Nb5 Qb8 13. Rxc4 a6 14. Na3 Rd8 15. d4 b5 16. Rcc1 Bd5 17. Rfd1 Qb7 18. dxc5 Bxc5 19. Bxf6 Bxa3 20. Bxd8 Bxc1 21. e4 Bc6 22. Be7 Bh6 23. Nd4 Nb6 24. Nxc6 1-0

[Event "IECC KO email"]
[Site "IECC email"]
[Date "2003.05.22"]
[Round "?"]
[White "Hasidume, Shuji"]
[Black "Veronelli, Franco"]
[Result "1-0"]
[WhiteElo "1277"]
[BlackElo "1496"]
[PlyCount "65"]
[EventDate "2003.??.??"]
[EventType "tourn (corr)"]
[EventRounds "6"]
[SourceTitle "Corr 2008"]
[Source "ChessBase"]
[SourceDate "2008.06.24"]
[SourceVersion "1"]
[SourceVersionDate "2008.06.24"]
[SourceQuality "1"]

1. d4 d5 2. c4 e5 3. dxe5 d4 4. Nf3 c5 5. e3 Nc6 6. exd4 cxd4 7. Bd3 Nge7 8. 0-0 Bg4 9. Nbd2 Ng6 10. Qb3 Qc7 11. h3 Bxf3 12. Nxf3 0-0-0 13. Bf5+ Kb8 14. Rd1 Ngxe5 15. Be4 Bd6 16. Nxe5 Bxe5 17. Bd2 Rhe8 18. Re1 Ka8 19. Qd3 h6 20. g3 g5 21. b3 Bg7 22. Bg2 Rf8 23. Rad1 f5 24. f4 gxf4 25. Bxf4 Qa5 26. Bxc6 bxc6 27. Re7 Bf6 28. Bc7 Qc5 29. Re6 Rd7 30. Bf4 Bg5 31. Qf3 Kb7 32. Re5 Qa3 33. Rb5+ 1-0

[Event "IECC KO email"]
[Site "IECC email"]
[Date "2003.05.22"]
[Round "?"]
[White "Veronelli, Franco"]
[Black "Hasidume, Shuji"]
[Result "1-0"]
[WhiteElo "1489"]
[BlackElo "1284"]
[PlyCount "83"]
[EventDate "2003.??.??"]
[EventType "tourn (corr)"]
[EventRounds "6"]
[SourceTitle "Corr 2008"]
[Source "ChessBase"]
[SourceDate "2008.06.24"]
[SourceVersion "1"]
[SourceVersionDate "2008.06.24"]
[SourceQuality "1"]

1. e4 c5 2. d4 cxd4 3. c3 dxc3 4. Nxc3 a6 5. Nf3 e6 6. Bc4 b5 7. Bb3 Nf6 8. 0-0 Bb7 9. Qe2 d5 10. exd5 Bd6 11. dxe6 fxe6 12. Qxe6+ Qe7 13. Nd4 g6 14. Bh6 Qxe6 15. Nxe6 Kd7 16. Bg7 Re8 17. Bxf6 Rxe6 18. Bxe6+ Kxe6 19. Bg5 Nd7 20. Rad1 b4 21. Ne2 Ne5 22. Rfe1 Kd7 23. Nf4 Kc6 24. Ne6 Nf7 25. Bf4 Rc8 26. Bxd6 Nxd6 27. Rc1+ Kb6 28. Rxc8 Bxc8 29. Nf8 Bf5 30. Nxh7 Nc4 31. b3 Nb2 32. Nf6 Nd3 33. Rd1 Nf4 34. Nd5+ Nxd5 35. Rxd5 Kc6 36. Rxf5 gxf5 37. Kf1 Kd5 38. Ke2 Kd4 39. Kd2 a5 40. f3 Ke5 41. h4 Kf4 42. Ke2 1-0